Théâtre / (Record no. 44716)
[ view plain ]
| 000 -LEADER | |
|---|---|
| campo de control de longitud fija | 01469nam a2200217 i 4500 |
| 001 - NÚMERO DE CONTROL | |
| campo de control | 44716 |
| 003 - IDENTIFICADOR DE NÚMERO DE CONTROL | |
| campo de control | ES-MaACL |
| 005 - FECHA Y HORA DE LA ÚLTIMA TRANSACCIÓN | |
| campo de control | 20260617125143.0 |
| 007 - CAMPO FIJO DE DESCRIPCIÓN FÍSICA--INFORMACIÓN GENERAL | |
| campo de control de longitud fija | t| |
| 008 - DATOS DE LONGITUD FIJA--INFORMACIÓN GENERAL | |
| campo de control de longitud fija | 030324s1956 fr ||||1| fre d |
| 100 ## - ENTRADA PRINCIPAL--NOMBRE DE PERSONA | |
| Nombre de persona | Claudel, Paul, |
| Fechas asociadas al nombre | 1868-1955 |
| 9 (RLIN) | 239252 |
| 245 10 - MENCIÓN DEL TÍTULO | |
| Título | Théâtre / |
| Mención de responsabilidad, etc. | Paul Claudel ; introduction et chronologie de la vie et de l'oeuvre par Jacques Madaule. |
| 260 ## - PUBLICACIÓN, DISTRIBUCIÓN, ETC. | |
| Lugar de publicación, distribución, etc. | Paris : |
| Nombre del editor, distribuidor, etc. | Gallimard : |
| -- | Bruges, |
| Fecha de publicación, distribución, etc. | [1956] ( |
| Fabricante | Imp. Sainte Catherine) |
| 300 ## - DESCRIPCIÓN FÍSICA | |
| Extensión | 2 t. ; |
| Dimensiones | 18 cm. |
| 490 1# - MENCIÓN DE SERIE | |
| Mención de serie | Bibliothèque de la Pléiade ; |
| Designación de volumen o secuencia | 72,73 |
| 505 8# - NOTA DE CONTENIDO CON FORMATO | |
| Nota de contenido con formato | Contiene: T.I: L'endormie. Fragment d'un drame. Tête d'or : première version. La ville : première version. La jeune fille Violaine : première version (1892). L'echange : première version. Le repos du septième jour. Agamenon d'Eschyle. Les Choéphores d'Eschyle. Partage de midi : première version. -- T.II: L'Annonce faite á Marie. L'otage. Protées. Le pain dur. Le père humiliè. La nuit de Noêl. L'ours et la lune. L'homme et son désir. La femme et son ombre. Le soulier de satin. La parabole du festin. La sagesse ou la parabole du festin. Sous le rempart d'Athènes. Le livre de Christophe Colomb. Jeanne d'Arc au bûcher. L'histoire de Tobie et de Sara. La lune a la recherche d'ellemême. Le jet de Pierre. Le ravissement de Scapin |
| 700 1# - ENTRADA AGREGADA--NOMBRE PERSONAL | |
| Nombre de persona | Madaule, Jacques. |
| 9 (RLIN) | 75300 |
| 830 0# - PUNTO DE ACCESO ADICIONAL DE SERIE-TÍTULO UNIFORME | |
| Título uniforme | Bibliothèque de la Pléiade ; |
| Designación de volumen o secuencia | 72,73 |
| 9 (RLIN) | 180233 |
| 852 ## - LOCALIZACIÓN | |
| Ubicación | ES-MaACL |
| Número de control de estantería | C-15274-5 |
| Sublocalización o colección | R.43372 |
| Estatus retirado | Estado de pérdida | Estado de daño | No para préstamo | Biblioteca de origen | Biblioteca actual | Ubicación en estantería | Fecha de adquisición | Fuente de adquisición | Total de préstamos | Signatura topográfica completa | Código de barras | Visto por última vez | Precio de reemplazo | Tipo de ítem Koha |
|---|---|---|---|---|---|---|---|---|---|---|---|---|---|---|
| Biblioteca del Ateneo de Madrid | Biblioteca del Ateneo de Madrid | Ficheros | 17/01/2008 | C-15274-5 | 1047062 | 23/02/2023 | 23/02/2023 | Libro impreso |
